The Construction Industry : Issues and Strategies in Developing Countries /

Guardado en:
Detalles Bibliográficos
Formato: Libro
Idioma:Inglés
Publicado: Washington, EUA : Banco Mundial, 1984, c1984
Temas:
Etiquetas: Agrega una etiqueta
Sin etiquetas, Sé el primero en etiquetar este registro!

MARC

LEADER 00000nam^a2200000^a^4500
001 000293981
005 20250521000000.0
009 20260310112154.686
020 |a 0-8213-0268-X 
037 |a Acervo ITESO - Biblioteca 
041 |a ING 
082 |a 338. 7624091724  |b CON 
245 0 4 |a The Construction Industry :  |b Issues and Strategies in Developing Countries / 
264 4 |a Washington, EUA :  |b Banco Mundial,  |c 1984, c1984 
300 |a VI, 116 p. 
336 |a texto  |b txt  |2 rdacontenido 
337 |a sin mediación  |b n  |2 rdamedio 
338 |a volumen  |b nc  |2 rdasoporte 
610 |a Banco Mundial 
649 |a XX 
650 |a Industria de la Construcción -  |z Países Subdesarrollados -  |x Administración -  |x Tema Principal 
650 |a Industria de la Construcción -  |z Países Subdesarrollados -  |x Aspectos Económicos -  |x Tema Principal 
650 |a Sectores Económicos 
650 |a Cooperación Internacional -  |x Tema Principal 
650 |a Desarrollo Económico-Social -  |x Tema Principal 
650 |a Políticas Públicas 
650 |a Construcción 
650 |a Economía -  |z Países Subdesarrollados -  |x Historia -  |y Siglo XX 
650 |a Países Subdesarrollados -  |x Condiciones Económicas 
910 |a Fondo General 
920 |a Impresos - Libros 
930 |a Colección General 
905 |a 101 
901 |a 0500180132  |b IT1  |c ACC  |i 906699  |u 20250521 
902 |a https://opac.biblio.iteso.mx/vufind/Record/000293981